| 000 | 00622nam a2200181 i 4500 | ||
|---|---|---|---|
| 001 | 134138 | ||
| 003 | ES-MaACL | ||
| 005 | 20230906194616.0 | ||
| 007 | t| | ||
| 008 | 070905s1926 fr ||||1| fre d | ||
| 100 | 1 |
_aWylezynska, Aurelie. _9117469 |
|
| 245 | 1 | 0 |
_aJeunes poetes polonais _b: extrait d'une conference donnée a la Sorbonne le 4 mars 1925 / _cAurelie Wylezynska. |
| 260 |
_aParis : _b[s.n.], _c1926 ( _eReunes : _fImp. Fr. Simon) |
||
| 300 |
_a20 p. ; _c21 cm. |
||
| 505 | 8 | _aContiene: Casimir Wierzynski -- Jaroslav Iwaskievicz | |
| 650 | 4 |
_aPoesía polaca- _yS.XX. _916196 |
|
| 852 |
_aES-MaACL _j1734-F-3 |
||
| 999 |
_c134138 _d134138 |
||